000 00883nas a2200265 4500
001 BR9904804
003 BR-BrBNA
005 20231205101606.0
007 ta
008 230509b bl.|||p| |||| 00| 00por d
040 _aBR-BrBNA
_bpor
_cBiblioteca Nacional de Agricultura
041 _a(Pt)
072 _aH20
100 1 _aReis, H.F. dos
100 1 _aAbreu, M.S. de
100 1 _aRigitano, R.L. de O.
245 1 _aEficiencia dos compostos triadimenol e aldicarb, aplicados via solo em diferentes epocas e dosagens, no controle da ferrugem (Hemileia vastatrix Berk BR.)em mudas de cafeeiro
650 _aCafe
650 _aControle Quimico
650 _aFerrugem
650 _aSolo
773 0 _tCiencia e Agrotecnologia (Brazil)
_xISSN 1413-7054
_g(Apr-Jun 1998), v. 22(2) p. 160-166
_wBR9904804
909 _a202311
_bLúcia
_c55
_dLúcia Elande
942 _2AGRIS
_n0
_cANA
999 _c162729
_d162729